Reaction to World News Events and the Influence of Mass Media in an Indian Village.

Bibliographic Details
Main Author: Poffenberger, Thomas.
Other Authors: Poffenberger, Shirley B.
Format: eBook
Language:English
Published: Ann Arbor : University of Michigan, Center for South & Southeast Asian Studies, 2021.
Edition:1st ed.
Series:Michigan Papers on South and Southeast Asia Series
Subjects:
Online Access:Click to View
LEADER 02118nam a22004093i 4500
001 EBC6743503
003 MiAaPQ
005 20231204023218.0
006 m o d |
007 cr cnu||||||||
008 231204s2021 xx o ||||0 eng d
020 |a 9780472902255  |q (electronic bk.) 
020 |z 9780472038428 
035 |a (MiAaPQ)EBC6743503 
035 |a (Au-PeEL)EBL6743503 
035 |a (OCoLC)1253412970 
040 |a MiAaPQ  |b eng  |e rda  |e pn  |c MiAaPQ  |d MiAaPQ 
082 0 |a 301.16/1 
100 1 |a Poffenberger, Thomas. 
245 1 0 |a Reaction to World News Events and the Influence of Mass Media in an Indian Village. 
250 |a 1st ed. 
264 1 |a Ann Arbor :  |b University of Michigan, Center for South & Southeast Asian Studies,  |c 2021. 
264 4 |c Ã1971. 
300 |a 1 online resource (53 pages) 
336 |a text  |b txt  |2 rdacontent 
337 |a computer  |b c  |2 rdamedia 
338 |a online resource  |b cr  |2 rdacarrier 
490 1 |a Michigan Papers on South and Southeast Asia Series 
505 0 |a Cover -- Title -- Copyright -- Acknowledgments -- Contents -- I. The Village and Its People -- II. Availability and Usage of Mass Media -- III. The News Events -- IV. The Survey -- V. The Men's Interviews -- VI. The Women's Interviews -- VII. The Students' Interviews -- VIII. Summary and Discussion -- Notes. 
588 |a Description based on publisher supplied metadata and other sources. 
590 |a Electronic reproduction. Ann Arbor, Michigan : ProQuest Ebook Central, 2023. Available via World Wide Web. Access may be limited to ProQuest Ebook Central affiliated libraries.  
655 4 |a Electronic books. 
700 1 |a Poffenberger, Shirley B. 
776 0 8 |i Print version:  |a Poffenberger, Thomas  |t Reaction to World News Events and the Influence of Mass Media in an Indian Village  |d Ann Arbor : University of Michigan, Center for South & Southeast Asian Studies,c2021  |z 9780472038428 
797 2 |a ProQuest (Firm) 
830 0 |a Michigan Papers on South and Southeast Asia Series 
856 4 0 |u https://ebookcentral.proquest.com/lib/matrademy/detail.action?docID=6743503  |z Click to View